000 00283cam a22000977a 4500
008 180718b1975 xxu||||| |||| 00| 0 eng d
082 _aL8x5452 M267/1
245 _aThe Madras account code vol,1
260 _aTamil Nadu
_bThe Director of Stationery and Printing
_c1975
300 _a135+p.
999 _c500633
_d500633